[Event "Landesliga Sued 9596"]
[Site "Bayern"]
[Date "1996.04.21"]
[Round "8"]
[White "Denkl, Ludwig"]
[Black "Schmuecking, Ingo"]
[Result "1/2-1/2"]
[WhiteElo "1900"]
[BlackElo "1810"]
[PlyCount "20"]
[EventDate "1995.10.15"]
[EventType "team-tourn"]
[EventRounds "9"]
[EventCountry "GER"]
[SourceTitle "EXT 2020"]
[Source "ChessBase"]
[SourceDate "2019.10.17"]
[SourceVersion "1"]
[SourceVersionDate "2019.10.17"]
[SourceQuality "1"]
[WhiteTeam "Tegernsee TV"]
[BlackTeam "Sendling SC"]
[WhiteTeamCountry "GER"]
[BlackTeamCountry "GER"]

1. e4 c5 2. Nf3 d6 3. d4 cxd4 4. Nxd4 Nf6 5. Nc3 e6 6. Bc4 a6 7. Bb3 Be7 8. 0-0 0-0 9. Be3 b5 10. f4 b4 1/2-1/2